| 000 | 00800nam a2200265 a 4500 | ||
|---|---|---|---|
| 008 | |||
| 020 | _a 0534209645(pbk.) | ||
| 049 | 0 | 0 | _aMAIN |
| 090 | 0 | _aTA340 | |
| 100 | 1 | _aScheafferr, Richard L. | |
| 245 | 1 | 0 |
_aProbability and statistics for engineers / _cRichard L. Scheaffer, James T. McClave. |
| 250 | _a4th edition | ||
| 260 |
_aBelmont,C A. : _bDuxbury Press, _c1995. |
||
| 300 |
_axii, 745 p. : _bill. ; _c24 cm. |
||
| 504 | _aIncludes bibliographical references. | ||
| 500 | _aIncludes index. | ||
| 650 | 0 |
_aEngineering _xStatistical methods. |
|
| 650 | 0 | _aProbabilities. | |
| 700 | 1 | _aMcClave,James T. | |
| 907 |
_a.b10253245 _b17-10-15 _c15-11-07 |
||
| 003 | |||
| 005 | 20230123134511.0 | ||
| 040 | _cNUST | ||
| 942 |
_cBOOKS _kTA340 |
||
| 999 |
_c167027 _d167027 |
||